000
00307nam a22001337a 4500
008
181017b xxu||||| |||| 00| 0 eng d
020
_a
9781557989758
041
_a
eng
080
_a
371
100
_a
46
101
_a
EDU
245
_a
Getting Mentored in Graduate School
_c
Johnson,W.B
942
_2
udc
_c
BK
999
_c
50061
_d
50061